Normal view
MARC view
Entry Personal Name
001 - CONTROL NUMBER
- control field: 17285
003 - CONTROL NUMBER IDENTIFIER
- control field: OSt
005 - DATE AND TIME OF LATEST TRANSACTION
- control field: 20240617100450.0
008 - FIXED-LENGTH DATA ELEMENTS
- fixed length control field: 240617|| aca||aabn | a|a d
040 ## - CATALOGING SOURCE
- Original cataloging agency: OSt
- Transcribing agency: OSt
100 ## - HEADING--PERSONAL NAME
- Personal name: Sagaut, Pierre,
- Dates associated with a name: 1967-
670 ## - SOURCE DATA FOUND
- Source citation: Work cat.: (OSt)8511: Sagaut, Pierre, 1967-, Large eddy simulation for incompressible flows :, 2006.
